Nuevo código procesal penal (Registro nro. 7978)
[ vista simple ]
| 000 -CABECERA | |
|---|---|
| Longitud fija campo de control | 00720nam a22002177a 4500 |
| 003 - IDENTIFICADOR DELl NÚMERO DE CONTROL | |
| Identificador del número de control | OSt |
| 005 - FECHA Y HORA DE LA ÚLTIMA TRANSACCIÓN | |
| Fecha y hora de la última transacción | 20140402213002.0 |
| 008 - CÓDIGOS DE INFORMACIÓN DE LONGITUD FIJA | |
| Códigos de información de longitud fija | 140311b xxu||||| |||| 00| 0 eng d |
| 040 ## - FUENTE DE LA CATALOGACIÓN | |
| Centro transcriptor | BMC |
| 082 ## - NÚMERO DE LA CLASIFICACIÓN DECIMAL DEWEY | |
| Númeroo de clasificación | 345.7284 |
| 082 ## - NÚMERO DE LA CLASIFICACIÓN DECIMAL DEWEY | |
| Númeroo de clasificación | 345.348027 |
| 082 ## - NÚMERO DE LA CLASIFICACIÓN DECIMAL DEWEY | |
| Númeroo de clasificación | 347.057284 |
| 245 00 - MENCIÓN DE TÍTULO | |
| Título | Nuevo código procesal penal |
| Resto del título | : selección de ensayos doctrinarios |
| Mención de responsabilidad, etc. | Manuel Arturo Montecino Giralt ... [et al.] |
| 260 ## - PUBLICACIÓN, DISTRIBUCIÓN, ETC. (PIE DE IMPRENTA) | |
| Lugar de publicación, distribución, etc. | San Salvador |
| Nombre del editor, distribuidor, etc. | Comisión Coordinadora del Sector de Justicia |
| Fecha de publicación, distribución, etc. | 2000 |
| 300 ## - DESCRIPCIÓN FÍSICA | |
| Extensión | 711 p. |
| Dimensiones | 22 cm |
| 650 24 - PUNTO DE ACCESO ADICIONAL DE MATERIA - TÉRMINO DE MATERIA | |
| 9 (RLIN) | 6647 |
| Término de materia o nombre geográfico como elemento inicial | Derecho penal |
| Subdivisión geográfica | El Salvador |
| 650 24 - PUNTO DE ACCESO ADICIONAL DE MATERIA - TÉRMINO DE MATERIA | |
| 9 (RLIN) | 6712 |
| Término de materia o nombre geográfico como elemento inicial | Procedimiento penal |
| Subdivisión geográfica | El Salvador |
| 650 24 - PUNTO DE ACCESO ADICIONAL DE MATERIA - TÉRMINO DE MATERIA | |
| 9 (RLIN) | 15217 |
| Término de materia o nombre geográfico como elemento inicial | Derecho penal |
| Subdivisión de forma | Códigos |
| 700 1# - PUNTO DE ACCESO ADICIONAL - NOMBRE DE PERSONA | |
| 9 (RLIN) | 9511 |
| Nombre de persona | Montecino Giralt, Manuel Arturo |
| 942 ## - ENTRADA DE ELEMENTOS AGREGADOS (KOHA) | |
| Fuente de clasificaión o esquema | Dewey Decimal Classification |
| Koha [por defecto] tipo de item | 1- Monografias |
| Suprimido | Perdido | Fuente de clasificación o esquema | Estropeado | Restricciones de uso | No para préstamo | Código de colección | Localización permanente | Localización actual | Localización en estanter&íacute;as | Fecha adquisición | Fuente de adquisición | Número de inventario | Préstamos totales | Signatura completa | Código de barras | Fecha última consulta | Coste, precio reemplazado | Fecha del precio de reemplazo | Tipo de item de Koha | Fecha último préstamo |
|---|---|---|---|---|---|---|---|---|---|---|---|---|---|---|---|---|---|---|---|---|
| NULL | NULL | Dewey Decimal Classification | NULL | Prestable | NULL | NULL | Biblioteca Miguel de Cervantes - UNICAES | Biblioteca Miguel de Cervantes - UNICAES | Sala Principal | 10/09/2000 | Donación - Facultad de Ciencias y Humanidades | 012599 | 345.7284 NUE | 1012599 | 11/03/2014 | 30.00 | 11/03/2014 | 1- Monografias | ||
| NULL | NULL | Dewey Decimal Classification | NULL | Prestable | NULL | NULL | Biblioteca Miguel de Cervantes - UNICAES | Biblioteca Miguel de Cervantes - UNICAES | Sala Principal | 10/09/2000 | Donación - Facultad de Ciencias y Humanidades | 012600 | 1 | 345.7284 NUE | 1012600 | 11/05/2019 | 30.00 | 11/03/2014 | 1- Monografias | 11/05/2019 |
| NULL | NULL | Dewey Decimal Classification | NULL | Prestable | NULL | NULL | Biblioteca Miguel de Cervantes - UNICAES | Biblioteca Miguel de Cervantes - UNICAES | Sala Principal | 10/09/2000 | Donación - Facultad de Ciencias y Humanidades | 012601 | 345.7284 NUE | 1012601 | 11/03/2014 | 30.00 | 11/03/2014 | 1- Monografias |